Jahresbericht über den St. Michaelerbstollner Gruben-, Pochwerks, und Majerhofsbetrieb vom Jahre ...

Bibliographic Details
Format: Serial
Language:German
Published: [Schemnitz s.n. 1894-]

MARC

LEADER 00000cas a2200000 a 4500
001 vtls001353322
003 SK-MaSNL
005 20260221112606.0
008 180126c18949999xx u 0 0 0ger d
035 |a SNK000306732 
040 |a SNK  |b slo  |c SNK  |e AACR2 
041 0 |a ger 
044 |a xo  |c SK 
245 0 0 |a Jahresbericht über den St. Michaelerbstollner Gruben-, Pochwerks, und Majerhofsbetrieb vom Jahre ... 
260 |a [Schemnitz  |b s.n.  |c 1894-] 
910 |a snk 
999 |c 502  |d 2432 
952 |0 0  |1 0  |4 0  |7 0  |8 1  |a SNK  |b SNK  |d 1999-01-25  |i snkD 77/99  |l 0  |o snkČSB 2153/A/1893  |p 17A0174570  |r 2005-01-02 00:00:00  |w 2026-02-21  |y PREZ